Guillermo del Toro's Pinocchio (2022): Characters by Picture - Statistics

General Stats
  • This quiz has been taken 26 times
  • The average score is 6 of 10
Answer Stats
Picture Answer % Correct
Pinocchio
100%
Gepetto
83%
Sebastian J. Cricket
75%
Benito Mussolini
67%
Carlo
50%
Candlewick
42%
Count Volpe
42%
Podestà
33%
Spazzatura
33%
Wood Sprite
33%
No matching quizzes found
Score Distribution
Percent of People with Each Score
Percentile by Number Answered
Your Score History
You have not taken this quiz